00265nam a22001097a 4500008004100000020001800041041000800059080001500067100000600082101000800088245005900096181204b xxu||||| |||| 00| 0 eng d a9780896401600 aeng 23 THa611 a6 aANA aPhtographic Aantomy Of The Human BodycYokochi.CH